000 00496nam a2200193 a 4500
001 1756792092593
003 YourLibrary
005 20250902111954.0
008 250902s2008##################000#0#eng##
020 _a9783527406807
082 0 4 _a539.73
_bWAN
100 1 _aWangler, Thomas P.,
_eauthor.
245 1 0 _aRF Linear Accelerators :
260 _bJohn Wiley & Sons,
_c2008.
300 _a483 pages
650 0 _aScience.
942 _cENGLISH
040 _aYourLibrary
_beng
_cYourLibrary
999 _c584943
_d584943